000 00478nam a2200193Ia 4500
005 20250603145504.0
008 250603s9999 xx 000 0 und d
020 _a9788123918105
050 _aQL 757. C43/
100 _aChatterjee K. D.
245 0 _aParasitology: protozoology and helminthology
250 _a13th ed.
260 _aNew Delhi
260 _bCBS publisher & distributor
260 _c2015
300 _a298 p
650 _aNew Delhi
942 _cBK
999 _c42002
_d42002